The impact of digital financial infrastructure on regional economic development and SME financing
| Szerzők: | |
|---|---|
| Dokumentumtípus: | Könyv része |
| Megjelent: |
Budapesti Gazdaságtudományi Egyetem
Budapest
2026
|
| Sorozat: | Futures in the making - Developing and adapting futures in business – BUEB Day of Hungarian Science 2024
|
| Tárgyszavak: | |
| doi: | 10.29180/978-615-6886-25-5_2 |
| Kulcsszavak: | Digital Financial Infrastructure Development Regional Economic Development SME Financing |
| Online Access: | http://publikaciotar.uni-bge.hu/2618 |
MARC
| LEADER | 00000naa a2200000 i 4500 | ||
|---|---|---|---|
| 001 | publ2618 | ||
| 005 | 20260313112015.0 | ||
| 008 | 260313s2026 hu o 000 zxx d | ||
| 020 | |a 978-615-6886-25-5 | ||
| 024 | |a 10.29180/978-615-6886-25-5_2 |2 doi | ||
| 040 | |a BGE Publikációtár Repozitórium |b hun | ||
| 100 | 1 | |a Li Mengsi | |
| 245 | 1 | 4 | |a The impact of digital financial infrastructure on regional economic development and SME financing |c Li Mengsi |h [elektronikus dokumentum] |
| 260 | |a Budapesti Gazdaságtudományi Egyetem |b Budapest |c 2026 | ||
| 300 | |a 1-17 | ||
| 490 | 0 | |a Futures in the making - Developing and adapting futures in business – BUEB Day of Hungarian Science 2024 | |
| 650 | 4 | |a közgazdaságtudományok | |
| 695 | |a Digital Financial Infrastructure Development | ||
| 695 | |a Regional Economic Development | ||
| 695 | |a SME Financing | ||
| 700 | 1 | |a Neszmélyi György Iván |e aut | |
| 700 | 1 | |a Wei Ziji |e aut | |
| 856 | 4 | 0 | |u https://publikaciotar.uni-bge.hu/id/eprint/2618/1/MTU%202024%20-%20Full%20edition%20proofread_CorrBM_2026.02.26_2.pdf |z Dokumentum-elérés |